Pixelated England Map - Statistics

General Stats
  • This quiz has been taken 2,988 times
  • The average score is 172 of 328
Answers on the Map
Answers color-coded by a green-red scale on the quiz's map according to % correct below.
 
Answer Stats
County % Correct
Greater London
93%
North Yorkshire
78%
Cornwall
76%
Greater Manchester
70%
Essex
69%
Kent
67%
Devon
65%
Oxfordshire
63%
Cambridgeshire
61%
Norfolk
61%
Northumberland
57%
Suffolk
57%
Lancashire
56%
Cumbria
55%
Nottinghamshire
55%
Hampshire
54%
Lincolnshire
54%
Isle of Wight
53%
Leicestershire
53%
Somerset
52%
East Sussex
51%
Gloucestershire
51%
West Sussex
51%
Derbyshire
49%
Dorset
49%
Merseyside
49%
Cheshire
48%
East Riding of Yorkshire
48%
Surrey
48%
Tyne and Wear
48%
Buckinghamshire
47%
South Yorkshire
47%
West Midlands
47%
West Yorkshire
46%
Worcestershire
46%
Herefordshire
45%
Durham
44%
Hertfordshire
44%
Shropshire
42%
Northamptonshire
41%
Bedfordshire
39%
Berkshire
39%
Wiltshire
39%
Rutland
38%
Warwickshire
38%
Staffordshire
36%
No matching quizzes found
Score Distribution
Percent of People with Each Score
Percentile by Number Answered
Your Score History
You have not taken this quiz